Besalú (Record no. 74757)

MARC details
000 -LEADER
campo de control de longitud fija 00680nam a2200205 i 4500
001 - NÚMERO DE CONTROL
campo de control 74757
003 - IDENTIFICADOR DE NÚMERO DE CONTROL
campo de control ES-MaACL
005 - FECHA Y HORA DE LA ÚLTIMA TRANSACCIÓN
campo de control 20230906172232.0
007 - CAMPO FIJO DE DESCRIPCIÓN FÍSICA--INFORMACIÓN GENERAL
campo de control de longitud fija t|
008 - DATOS DE LONGITUD FIJA--INFORMACIÓN GENERAL
campo de control de longitud fija 040921s1973 sp f |||| | cat d
100 1# - ENTRADA PRINCIPAL--NOMBRE DE PERSONA
Nombre de persona Grabalosa, Ramón.
9 (RLIN) 59438
245 10 - MENCIÓN DEL TÍTULO
Título Besalú
Resto del título : un país aspre i antic /
Mención de responsabilidad, etc. Ramón Grabalosa ; prolegs de Joan Teixidor i Antoni Noguera i Massa.
250 ## - MENCION DE EDICION
Mención de edición 2ª ed.
260 ## - PUBLICACIÓN, DISTRIBUCIÓN, ETC.
Lugar de publicación, distribución, etc. [Granollers] :
Nombre del editor, distribuidor, etc. Montblanc-Martín,
Fecha de publicación, distribución, etc. 1973.
300 ## - DESCRIPCIÓN FÍSICA
Extensión 209 p., 18 lám. ;
Dimensiones 24 cm.
651 #4 - PUNTO DE ACCESO ADICIONAL DE MATERIA--NOMBRE GEOGRÁFICO
Nombre geográfico Gerona (Provincia)-
Subdivisión general Descripción.
9 (RLIN) 153503
700 1# - ENTRADA AGREGADA--NOMBRE PERSONAL
Nombre de persona Teixidor, Joan (
Fechas asociadas al nombre 1913-1992)
9 (RLIN) 109541
700 1# - ENTRADA AGREGADA--NOMBRE PERSONAL
Nombre de persona Noguera i Massa, Antoni.
9 (RLIN) 85874
852 ## - LOCALIZACIÓN
Ubicación ES-MaACL
Número de control de estantería C-54662
Holdings
Estatus retirado Estado de pérdida Estado de daño No para préstamo Biblioteca de origen Biblioteca actual Ubicación en estantería Fecha de adquisición Fuente de adquisición Total de préstamos Signatura topográfica completa Código de barras Visto por última vez Precio de reemplazo Tipo de ítem Koha
        Biblioteca del Ateneo de Madrid Biblioteca del Ateneo de Madrid Depósito 2 17/01/2008     C-54662 1078253 23/02/2023 23/02/2023 Libro impreso